00583nam a2200193Ia 450000500170000000800410001702000230005804000190008104100120010008200140011224501120012625000280023826000260026630000160029265000300030865100180033870000230035685000100037920231124104647.0131103s9999 xx 000 0 und d a8185604258cRs.140 aLoreto College aEnglish a396 bDES aIndelible Imprints - Daughters Write on Fathers b cedited by Priti T.Desai,Neela D'Souza and Sonal Shukla bForeword by Neera Desai aCalcuttabStreec1999 axiv,137 p.  aWomen - Social Conditions aWomen Studies aDesai,Priti T.,ed. aLCLIB